书目信息 |
| 题名: |
滴滴:分享经济 改变中国
|
|
| 作者: | 程维 , 柳青 著 ;张晓峰 主编 | |
| 分册: | ||
| 出版信息: | 北京 人民邮电出版社 2016 |
|
| 页数: | 20,284页 | |
| 开本: | 23cm | |
| 丛书名: | ||
| 单 册: | ||
| 中图分类: | F120.3 | |
| 科图分类: | ||
| 主题词: | 中国经济--zhong guo jing ji--经济模式--研究 | |
| 电子资源: | ||
| ISBN: | 978-7-115-42503-4 | |
| 000 | 01105nam0 22002531 450 | |
| 001 | 0119171304 | |
| 005 | 20170619171304.0 | |
| 010 | @a978-7-115-42503-4@dCNY58.00 | |
| 100 | @a20160810d2016 em y0chiy50 ea | |
| 101 | 0 | @achi |
| 102 | @aCN@b110000 | |
| 105 | @aab z 000yy | |
| 106 | @ar | |
| 200 | 1 | @a滴滴:分享经济 改变中国@9di di fen xiang jing ji gai bian zhong guo@b专著@f程维,柳青等著@g张晓峰主编 |
| 210 | @a北京@c人民邮电出版社@d2016 | |
| 215 | @a20,284页@c图,地图@d23cm | |
| 330 | @a本书分享了滴滴出行的智慧与指数级成长的秘密;解剖了最具想象力的分享经济2.0新形态,展现了“互联网+分享经济”平台构建的九大关键节点,推动传统行业搭上分享经济“顺风车”;全面呈现“互联网+”2.0、分享经济2.0与中国新经济的内在关联,与供给侧结构性改革、“双创”的关系,建言如何把握新引擎、挖掘“新监管的红利”;解析了数据驱动分享经济的趋势。 | |
| 606 | 0 | @a中国经济@9zhong guo jing ji@x经济模式@x研究 |
| 690 | @aF120.3@v5 | |
| 701 | 0 | @a程维@9cheng wei@4著 |
| 701 | 0 | @a柳青@9liu qing@4著 |
| 702 | 0 | @a张晓峰@9zhang xiao feng@4主编 |
| 801 | 0 | @aCN@b百万庄@c20170617 |
| 905 | @b1012311-6@dF120.3@e280@f6 | |
| 滴滴:分享经济 改变中国/程维,柳青等著/张晓峰主编.-北京:人民邮电出版社,2016 |
| 20,284页:图,地图;23cm |
| ISBN 978-7-115-42503-4:CNY58.00 |
| 本书分享了滴滴出行的智慧与指数级成长的秘密;解剖了最具想象力的分享经济2.0新形态,展现了“互联网+分享经济”平台构建的九大关键节点,推动传统行业搭上分享经济“顺风车”;全面呈现“互联网+”2.0、分享经济2.0与中国新经济的内在关联,与供给侧结构性改革、“双创”的关系,建言如何把握新引擎、挖掘“新监管的红利”;解析了数据驱动分享经济的趋势。 |
| ● |
| 相关链接 |
|
|
|
|
正题名:滴滴:分享经济 改变中国
索取号:F120.3/280
 
预约/预借
| 序号 | 登录号 | 条形码 | 馆藏地/架位号 | 状态 | 备注 |
| 1 | 1012311 | 210123114 | 第一样本阅览室/ [索取号:F120.3/280] | 在馆 | |
| 2 | 1012312 | 210123123 | 教育系资料室/ [索取号:F120.3/280] | 在馆 | |
| 3 | 1012313 | 210123132 | 教育系资料室/ [索取号:F120.3/280] | 在馆 | |
| 4 | 1012314 | 210123141 | 教育系资料室/ [索取号:F120.3/280] | 在馆 | |
| 5 | 1012315 | 210123150 | 第一借阅区/ [索取号:F120.3/280] | 在馆 | |
| 6 | 1012316 | 210123169 | 第一借阅区/ [索取号:F120.3/280] | 在馆 |